Accounting Standards Simplified (Record no. 94287)
[ view plain ]
| 000 -LEADER | |
|---|---|
| fixed length control field | 00496nam a2200193Ia 4500 |
| 005 - DATE AND TIME OF LATEST TRANSACTION | |
| control field | 20230503095204.0 |
| 008 - FIXED-LENGTH DATA ELEMENTS--GENERAL INFORMATION | |
| fixed length control field | 230125s9999 xx 000 0 und d |
| 041 ## - LANGUAGE CODE | |
| Language code of text/sound track or separate title | eng |
| 082 ## - DEWEY DECIMAL CLASSIFICATION NUMBER | |
| Classification number | 657 |
| Item number | RAK |
| 100 ## - MAIN ENTRY--PERSONAL NAME | |
| Author | Rakshit P |
| 245 ## - TITLE STATEMENT | |
| Title | Accounting Standards Simplified |
| Remainder of title | For CA PE-II/ Final |
| 260 ## - PUBLICATION, DISTRIBUTION, ETC. | |
| Date of publication, distribution, etc. | 2006 |
| Name of publisher, distributor, etc. | Law Point |
| Place of publication, distribution, etc. | Kolkata |
| 300 ## - PHYSICAL DESCRIPTION | |
| Extent | 383p |
| 500 ## - GENERAL NOTE | |
| Keywords | Accounting standards<br/> |
| 650 ## - SUBJECT ADDED ENTRY--TOPICAL TERM | |
| Topical term or geographic name entry element | Accounting standards |
| 700 ## - ADDED ENTRY--PERSONAL NAME | |
| Personal name | Rakshit P |
| 942 ## - ADDED ENTRY ELEMENTS (KOHA) | |
| Koha item type | Books |
| 906 ## - LOCAL DATA ELEMENT F, LDF (RLIN) | |
| b | 120 |
| Withdrawn status | Lost status | Damaged status | Not for loan | Home library | Current library | Date acquired | Vendor | Net Price | Full call number | Barcode | Date last seen | Actual Price | Bill Date | Koha item type | Original Barcode |
|---|---|---|---|---|---|---|---|---|---|---|---|---|---|---|---|
| Smt. Hiraben Nanavati Institute of Management & Research for Women | Smt. Hiraben Nanavati Institute of Management & Research for Women | 07/12/2016 | Donated Book- Outside Donar | 240.00 | 657 RAK DB2657 | HIMR-DB-2657 | 25/01/2023 | 120.00 | 25/01/2023 | Donated Book | DB2657 |